| 000 | 01569cam a22004337a 4500 | ||
|---|---|---|---|
| 001 | 000092626 | ||
| 003 | CHAP | ||
| 005 | 20220329142856.0 | ||
| 008 | 041129d2004 mx r 00110 spa d | ||
| 010 | _a89092 | ||
| 011 | _a90064 | ||
| 035 | _a100620 | ||
| 040 | _cCHAP | ||
| 090 | _aTesis | ||
| 100 | 0 | 0 |
_aGallegos Huerta, Ignacio. _944406 |
| 245 | 1 | 0 |
_aCalidad de enlatado de variedades de frijol (Phaseolus vulgaris L.) cultivadas en localidades de la región templada de México / _c/por Ignacio Gallegos Huerta. |
| 260 |
_aChapingo, Méx. : _bEl autor, _c2004. |
||
| 300 |
_a78 h. : _bgráfs. |
||
| 502 | _aTesis (Ing. Agroindustrial) - -UACH. Departamento de Ingeniería Agroindustrial | ||
| 590 |
_aALEPH _b10 _c20130110 _lUCH01 _h1501 |
||
| 590 |
_aBATCH-UPD _b10 _c20130110 _lUCH01 _h0635 |
||
| 590 |
_aBATCH-UPD _b10 _c20130410 _lUCH01 _h0319 |
||
| 590 |
_aBATCH-UPD _b10 _c20130914 _lUCH01 _h1438 |
||
| 590 |
_aBATCH-UPD _b10 _c20140324 _lUCH01 _h1446 |
||
| 590 |
_aBATCH-UPD _b10 _c20141002 _lUCH01 _h0823 |
||
| 590 |
_aCONVERSION _b10 _c20130109 _lUCH01 _h1349 |
||
| 590 |
_aE12093SGE _b10 _c20130621 _lUCH01 _h1023 |
||
| 650 | 1 | 4 |
_aFrijol enlatado. _943462 |
| 650 | 1 | 4 |
_aFrijol _xCalidad. _943340 |
| 650 | 1 | 4 |
_aFrijol _xMéxico. _943408 |
| 650 | 1 | 4 |
_aFrijol _xVariedades. _943446 |
| 856 |
_3Finding aid _uhttp://10.13.5.2/tesis/100620.pdf _zTeclea aquí |
||
| 901 | _aBK | ||
| 905 | _aLilia | ||
| 942 | _cCD | ||
| 942 | _n0 | ||
| 949 |
_aTesis _bBC _cTES _d100620 _eTS1 _h42863 _i100620 _sb |
||
| 949 |
_aTesis _bBC _cTES _d33724000930988 _eTS2 _fc.2 _h42864 _i100620 _sb |
||
| 999 |
_c89092 _d89092 |
||